Sermon panegyrico, que en la celebridad de la dedicacion del Templo nuevo de San Bernardo, titulo Maria de Guadalupe; sabado dia septimo de la octava ocupo â la sagrada religion de la Compañia de Jesus predicòlo el M. R. P. M. Antonio Nuñez de la misma Compañia, Prefecto de la Congregacion de la Purissima

Detalles Bibliográficos
Autor principal: Núñez, Antonio
Formato: Libro
Lenguaje:Undetermined
Spanish
Publicado: Mexico : s.n., s. a.
Materias:
Colección:Banco de datos
Acervo:Biblioteca Palafoxiana. Colección bibliográfica
Descripción Física:[24] h. ; 4°
Tema general:Homilética
Notas:Se tiene de la hoja 74 - 96. Número de localización: 16732-O, 16909-F
LEADER 00839nam a2200181Ia 4500
008 150723s9999 xx 000 0 und d
041 0 |a spa 
050 0 |a PAFX BV4207 G8 
100 1 |a Núñez, Antonio 
245 1 0 |a Sermon panegyrico, que en la celebridad de la dedicacion del Templo nuevo de San Bernardo, titulo Maria de Guadalupe; sabado dia septimo de la octava ocupo â la sagrada religion de la Compañia de Jesus predicòlo el M. R. P. M. Antonio Nuñez de la misma Compañia, Prefecto de la Congregacion de la Purissima 
260 |a Mexico : s.n., s. a. 
300 |a [24] h. ; 4° 
500 |a Se tiene de la hoja 74 - 96. Número de localización: 16732-O, 16909-F 
501 |a Encuadernado con 21 obras 
650 1 0 |a Homilética 
942 |c PALALIB 
943 |g Biblioteca Palafoxiana. Colección bibliográfica 
999 |c 1054082  |d 1054082